00385 a2200097 4500001001000000005001700010008004100027245013000068100002300198773006600221ART_4233420260410161647.0260409a 10aLa flexibilización del control de cambios y sus consecuencias favorables en el cobro de los estímulos a las exportaciones1 aBibiloni, Mario J.0 tConsultor tributariog- Año 11, Nº 123 (mayo 2017)wREV474